000 01923nam a22002777a 4500
999 _c63436
_d63436
003 Ge_BSU
005 20251009141422.0
008 251009s2017 ge ||||| |||| 00| 0 geo d
020 _a9789941245770
041 _ageo
080 _a61(031) პ-63
100 _aპორტერი, რობერტ ს.
_925965
245 _aჯანმრთელობის ენციკლოპედია ყველა თაობისთვის : 7 ტომეული :
_b ტ. 2 /
_c რობერტ ს. პორტერი, ჯასტინ ლ. კაპლანი, ბარბარა პ. ჰომიერი; მთარგმნელები: ნინო კიკნაძე, ლია რუსიეშვილი, ანა სიბოშვილი [და სხვ.]; რედაქტორები: გივი ჯავაშვილი, გურამ კიკნაძე, თამარ მამაცაშვილი.
264 _aთბილისი :
_bპალიტრა L,
_c2017.
300 _a 588 გვ.;
_b26 სმ.
490 _aმსოფლიო ბესტსელერი
653 _aჯანმრთელობის დაცვა
700 _aკაპლანი, ჯასტინ ლ.
_eავტორი
_925972
700 _aჰომიერი, ბარბარა პ.
_eავტორი
_925977
700 _aკიკნაძე, ნინო
_eმთარგმნელი
_925993
700 _aრუსიეშვილი, ლია
_eმთარგმნელი
_925994
700 _aჯავაშვილი, გივი
_eრედაქტორი
_916844
700 _aკიკნაძე, გურამ
_eრედაქტორი
_925995
700 _aმამაცაშვილი, თამარ
_eრედაქტორი
_925996
942 _2udc
_cᲬᲘᲒᲜᲘ